Animés par image - Combat - Statistiques

Statistiques générales
  • Ce quiz a été pris 8 607 fois
  • Le résultat moyen est 23 sur 40
Statistiques - réponses
Par images Réponse % Correct
Naruto
100%
Dragon Ball
98%
Hunter X Hunter
96%
One Piece
96%
Demon Slayer
95%
One Punch man
95%
Death Note
93%
L'attaque des Titans
93%
My Hero Academia
93%
Bleach
92%
Pokemon
92%
Tokyo Ghoul
92%
Fairy Tail
84%
Jujutsu Kaisen
84%
Haikyu!!
79%
Assassination Classroom
78%
Black Clover
77%
Jojo's Bizarre Adventure
71%
Sword Art Online
63%
Evangelion
50%
Re:Zero
50%
Fullmetal Alchemist
47%
Berserk
44%
Princesse Mononoke
40%
Great Teacher Onizuka
39%
Mob Psycho 100
31%
Code Geass
28%
Black Lagoon
27%
Noragami
27%
Violet Evergarden
26%
Akira
24%
Death Parade
24%
Toradora
23%
Digimon
21%
Yū Yū Hakusho
21%
Trigun
16%
Cowboy Bepop
12%
Ghost in the Shell
11%
Steins;gate
10%
Hellsing
9%
Aucun quiz correspondant
Distribution des résultats
% des personnes avec chaque résultat
Percentile par nombre de réponses
Votre historique - résultats
Vous n’avez pas pris ce quiz